ARRUPE JESUIT UNIVERSITY

CORONAVIRUS -STOP THE SPREAD - CLEAN,DISINFECT,COVER

African folktales in the New World / (Record no. 19343)

MARC details
000 -LEADER
fixed length control field 01318pam a2200337 a 4500
001 - CONTROL NUMBER
control field 2016839
003 - CONTROL NUMBER IDENTIFIER
control field ARRUPE
005 - DATE AND TIME OF LATEST TRANSACTION
control field 20170927122137.0
008 - FIXED-LENGTH DATA ELEMENTS--GENERAL INFORMATION
fixed length control field 911212r19921976inu b s001 0 eng
010 ## - LIBRARY OF CONGRESS CONTROL NUMBER
LC control number 91046789
020 ## - INTERNATIONAL STANDARD BOOK NUMBER
International Standard Book Number 0253311284 (cl)
020 ## - INTERNATIONAL STANDARD BOOK NUMBER
International Standard Book Number 0253207363 (pa)
040 ## - CATALOGING SOURCE
Original cataloging agency DLC
Transcribing agency DLC
Modifying agency DLC
043 ## - GEOGRAPHIC AREA CODE
Geographic area code n-us---
-- f------
-- cl-----
050 00 - LIBRARY OF CONGRESS CALL NUMBER
Classification number GR111.A47
Item number B37 1992
082 00 - DEWEY DECIMAL CLASSIFICATION NUMBER
Classification number 398.2/08996073
Edition number 20
300 ## - PHYSICAL DESCRIPTION
Dimensions 25 cm.
100 1# - MAIN ENTRY--PERSONAL NAME
Personal name Bascom, William Russell,
Dates associated with a name 1912-
9 (RLIN) 36418
245 10 - TITLE STATEMENT
Title African folktales in the New World /
Statement of responsibility, etc William Bascom.
260 ## - PUBLICATION, DISTRIBUTION, ETC. (IMPRINT)
Place of publication, distribution, etc Bloomington :
Name of publisher, distributor, etc Indiana University Press,
Date of publication, distribution, etc c1992.
300 ## - PHYSICAL DESCRIPTION
Extent xxiv, 243 p. ;
440 #0 - SERIES STATEMENT/ADDED ENTRY--TITLE
Title Folkloristics
9 (RLIN) 36419
500 ## - GENERAL NOTE
General note "First appeared in Research in African literatures from 1976 to 1982"--Foreword.
504 ## - BIBLIOGRAPHY, ETC. NOTE
Bibliography, etc Includes bibliographical references and index.
650 #0 - SUBJECT ADDED ENTRY--TOPICAL TERM
Topical term or geographic name as entry element African Americans
General subdivision Folklore.
9 (RLIN) 36387
650 #0 - SUBJECT ADDED ENTRY--TOPICAL TERM
Topical term or geographic name as entry element Tales
Geographic subdivision United States
General subdivision History and criticism.
9 (RLIN) 36420
650 #0 - SUBJECT ADDED ENTRY--TOPICAL TERM
Topical term or geographic name as entry element Tales
Geographic subdivision Africa
General subdivision History and criticism.
9 (RLIN) 36421
650 #0 - SUBJECT ADDED ENTRY--TOPICAL TERM
Topical term or geographic name as entry element Blacks
Geographic subdivision America
General subdivision Folklore.
9 (RLIN) 36422
650 #0 - SUBJECT ADDED ENTRY--TOPICAL TERM
Topical term or geographic name as entry element Tales
Geographic subdivision America
General subdivision History and criticism.
9 (RLIN) 36423
906 ## - LOCAL DATA ELEMENT F, LDF (RLIN)
a 7
b cbc
c orignew
d 1
e ocip
f 19
g y-gencatlg
942 ## - ADDED ENTRY ELEMENTS (KOHA)
Source of classification or shelving scheme Library of Congress Classification
Koha item type Monograph ( Printed materials)
Holdings
Withdrawn status Lost status Source of classification or shelving scheme Damaged status Not for loan Collection code Home library Current library Shelving location Date acquired Total Checkouts Full call number Barcode Date last seen Date checked out Copy number Price effective from Koha item type
    Library of Congress Classification     Main Collection ARRUPE LIBRARY ARRUPE LIBRARY   04/03/2013 1 GR111.A47B371992 46003039843 10/04/2018 28/10/2016 1 04/03/2013 Monograph ( Printed materials)

 

Arrupe Library. PO Box MP320 Mt Pleasant, Harare, Zimbabwe
263 242 745411|librarian@aju.ac.zw